| 000 | 00567nam a2200193Ia 4500 | ||
|---|---|---|---|
| 003 | GCL | ||
| 008 | 140319s9999 xx 000 0 ara d | ||
| 040 |
_aGCL / _cGCL |
||
| 082 | 0 | 4 |
_aد _b050 |
| 100 | 1 | _aكمال ابراهيم موسى | |
| 245 | 1 | 0 |
_aامراض نفسية ( اقرا 257 ) / _cكمال ابراهيم موسى |
| 700 | 1 | _aكمال دسوقى | |
| 300 | _a116 ص | ||
| 490 |
_aوثائق ونصوص _v0 |
||
| 650 | 0 | 4 | _aالصحة العقلية |
| 650 | 0 | 4 | _aالطب النفسى |
| 650 | 0 | 4 | _aالامراض النفسية |
| 942 |
_2ddc _cCF |
||
| 999 |
_c27376 _d27376 |
||